[Event "0402"]
[Site "www.echecsemail.com"]
[Date "2026.02.11"]
[Round "1"]
[White "Qsdmlk"]
[Black "Turbo"]
[WhiteElo "1460"]
[BlackElo "1370"]
[Result "1-0"]
1.d4 d5
2.Ng1f3 Ng8f6
3.Bc1g5 h6
4.Bg5f4 a6
5.e3 e6
6.Nb1c3 g5
7.Bf4e5 Bf8g7
8.Bf1e2 Nb8c6
9.Be5g3 O-O
10.Qd1d2 b5
11.O-O Nc6e7
12.a4 b4
13.Nc3a2 Ne7f5
14.Na2xb4 Nf5xg3
15.fxg3 Nf6e4
16.Qd2d1 Qd8d6
17.c3 a5
18.Nb4c2 h5
19.Nc2a3 g4
20.Nf3h4 f5
21.Na3b5 Qd6e7
22.Nh4g6 Qe7g5
23.Ng6xf8 Kxf8
24.Qd1c1 c6
25.Nb5a3 Bg7f6
26.b4 h4
27.gxh4 Qg5xh4
28.Rf1f4 Ke7
29.b5 Bc8b7
30.Qc1b2 e5
31.Rf4xf5 Bb7c8
32.Rf5f1 Ne4g3
33.hxg3 Qh4h5
34.bxc6 Ra8a6
35.Be2xa6 Bc8xa6
36.Qb2b6 Ba6xf1
37.Qb6c7 Ke8
38.Ra1xf1 Qh5g5
39.Na3b5 Qg5xe3
40.Kh1 Qe3h6
41.Kg1 Qh6e3
42.Rf1f2 Qe3e1
43.Kh2 Bf6e7
44.Qc7c8 Be7d8
45.Nb5d6 Ke7
46.Nd6f5 Ke8
47.Nf5g7 Ke7
48.Qc8e6 1-0

[Event "Jean 8"]
[Site "www.echecsemail.com"]
[Date "2026.02.11"]
[Round "1"]
[White "Petitlulu64"]
[Black "Intrigue"]
[WhiteElo "1720"]
[BlackElo "1720"]
[Result "1-0"]
1.d4 Ng8f6
2.Ng1f3 g6
3.Nb1c3 Bf8g7
4.Bc1d2 O-O
5.e4 d6
6.e5 dxe5
7.dxe5 Nf6d5
8.Bf1c4 e6
9.O-O Nd5xc3
10.Bd2xc3 Nb8c6
11.Qd1e2 Qd8e7
12.a3 a6
13.Nf3d4 Nc6xd4
14.Bc3xd4 b5
15.Bc4a2 Qe7g5
16.f4 Qg5e7
17.Qe2e4 Bc8d7
18.b4 Ra8d8
19.Bd4c5 Qe7h4
20.Bc5xf8 Bg7xf8
21.Rf1f3 Qh4e7
22.c4 bxc4
23.Qe4xc4 Bd7b5
24.Qc4c3 Bb5e2
25.Rf3e3 Rd8d1
26.Ra1xd1 Be2xd1
27.Re3d3 Bd1a4
28.Ba2b3 Ba4b5
29.Bb3c4 c6
30.Qc3d4 Kg7
31.Bc4xb5 cxb5
32.Qd4d6 Qe7a7
33.Qd6d4 Qa7b7
34.h4 h5
35.g3 Qb7c7
36.Rd3d1 a5
37.Kg2 axb4
38.axb4 Bf8xb4
39.Qd4xb4 Qc7c2
40.Qb4d2 Qc2e4
41.Kh2 { abandon }1-0

[Event "Défi"]
[Site "www.echecsemail.com"]
[Date "2026.02.11"]
[Round "1"]
[White "Jojo91"]
[Black "Jlr"]
[WhiteElo "1420"]
[BlackElo "1340"]
[Result "0-1"]
1.e4 e5
2.Ng1f3 d6
3.Bf1b5 c6
4.Bb5a4 b5
5.Ba4b3 Bc8g4
6.O-O Ng8f6
7.d3 Nb8d7
8.h3 h5
9.Nf3g5 Bg4xd1
10.Rf1xd1 d5
11.exd5 cxd5
12.Nb1c3 a6
13.Bb3xd5 Nf6xd5
14.Nc3xd5 f6
15.Ng5e6 Qd8c8
16.Nd5c7 Ke7
17.d4 Kf7
18.d5 Bf8b4
19.Nc7xa8 Qc8xa8
20.a3 Bb4e7
21.Ne6c7 Qa8a7
22.Nc7e6 f5
23.b4 Be7h4
24.Rd1d2 Nd7f6
25.Rd2e2 e4
26.g3 Bh4xg3
27.Bc1f4 Bg3xf4
28.Ne6xf4 Qa7d4
29.Ra1c1 Qd4b2
30.Rc1d1 Qb2xa3
31.Rd1b1 Qa3f3
32.Rb1b3 Qf3xf4
33.Kf1 Qf4c1
34.Re2e1 Qc1xc2
35.Rb3g3 Nf6xd5
36.Rg3g5 Kf6
37.h4 Nd5f4
38.Rg5g3 Qc2c4
39.Kg1 Nf4e2
40.Kg2 Ne2xg3
41.fxg3 Qc4xb4
42.Re1f1 Rh8d8
43.Kh3 Qb4c4
44.Rf1f2 e3
45.Rf2f3 Qc4g4
46.Kg2 Rd8d2
47.Kg1 Qg4xf3
48.g4 Qf3g2
0-1

[Event "GIRL"]
[Site "www.echecsemail.com"]
[Date "2026.02.11"]
[Round "1"]
[White "Orosco"]
[Black "Tartu"]
[WhiteElo "2240"]
[BlackElo "1720"]
[Result "0-1"]
1.e4 e5
2.Ng1f3 Nb8c6
3.Nb1c3 Ng8f6
4.Bf1c4 Bf8e7
5.O-O O-O
6.d4 exd4
7.Nf3xd4 Nc6e5
8.Bc4b3 d6
9.f4 Ne5g6
10.f5 Ng6e5
11.Bc1g5 h6
12.Bg5xf6 Be7xf6
13.Nc3d5 c6
14.Nd5xf6 Qd8xf6
15.Nd4f3 Ne5xf3
16.Qd1xf3 Qf6xb2
17.Ra1b1 Qb2f6
18.Rb1d1 Rf8d8
19.g4 a5
20.a4 Ra8b8
21.Rd1d3 b5
22.axb5 Rb8xb5
23.Rf1d1 Bc8b7
24.Qf3g3 Rb5e5
25.Qg3e1 d5
26.Qe1xa5 Rd8e8
27.exd5 cxd5
28.Bb3xd5 Bb7xd5
29.Rd3xd5 Re5xd5
30.Rd1xd5 Qf6g5
31.Rd5d3 Qg5xg4
32.Rd3g3 Qg4d1
33.Kg2 Qd1xc2
34.Kh3 Qc2e2
35.f6 Qe2f1
36.Kh4 Qf1xf6
37.Kh3 Qf6f1
38.Kh4 Re8e4
39.Rg3g4 Qf1f6
40.Kh3 Re4e3
41.Rg4g3 Qf6f1
42.Kh4 Qf1f4
43.Rg3g4 g5
44.Kh5 Re3h3
45.Rg4h4 Rh3xh4
0-1

[Event "Tournoi n27416"]
[Site "www.echecsemail.com"]
[Date "2026.02.11"]
[Round "1"]
[White "Estrafolis"]
[Black "Verson"]
[WhiteElo "1650"]
[BlackElo "1840"]
[Result "1-0"]
1.c4 Ng8f6
2.d4 e6
3.Nb1c3 d5
4.Ng1f3 c6
5.e3 Bf8d6
6.h3 Nb8d7
7.Bf1e2 O-O
8.O-O e5
9.cxd5 cxd5
10.dxe5 Nd7xe5
11.Nc3xd5 Bc8e6
12.Nd5xf6 Qd8xf6
13.Qd1xd6 Ne5c6
14.Qd6c7 Qf6e7
15.Qc7xe7 Nc6xe7
16.b3 Rf8d8
17.Bc1b2 h6
18.Rf1d1 Ne7c6
19.Be2c4 Be6xc4
20.bxc4 Kf8
21.Nf3d4 Ke8
22.Nd4xc6 bxc6
23.Bb2xg7 h5
24.Rd1d4 Rd8xd4
25.Bg7xd4 a6
26.Ra1b1 Kd7
27.f4 Kc7
28.Kf2 Ra8e8
29.g4 hxg4
30.hxg4 Re8b8
31.Bd4e5 { abandon }1-0

[Event "Transval 2"]
[Site "www.echecsemail.com"]
[Date "2026.02.11"]
[Round "1"]
[White "Janolapin"]
[Black "Patau"]
[WhiteElo "1690"]
[BlackElo "1690"]
[Result "1/2-1/2"]
1.d4 d5
2.Ng1f3 Ng8f6
3.e3 e6
4.Bf1d3 c5
5.c4 cxd4
6.Nf3xd4 dxc4
7.Bd3xc4 Nb8c6
8.O-O Bf8c5
9.Nd4xc6 bxc6
10.Qd1xd8 Kxd8
11.b3 Ke7
12.Bc1b2 a5
13.Nb1c3 Bc8a6
14.Bc4xa6 Ra8xa6
15.Rf1d1 Rh8d8
16.Kf1 Ra6a7
17.Ke2 Ra7d7
18.Rd1xd7 Rd8xd7
19.f3 Nf6d5
20.Nc3xd5 Rd7xd5
21.Ra1d1 f6
22.e4 Rd5xd1
23.Kxd1 Bc5g1
24.Bb2c3 a4
25.h3 axb3
26.axb3 Kd6
27.Kd2 e5
28.Bc3b4 c5
29.Bb4c3 Bg1d4
30.g4 Bd4xc3
31.Kxc3 g5
32.Kd3 Kc6
33.Kc4 h6
34.b4 cxb4
35.Kxb4 Kb6
36.Kc4 { nul }1/2-1/2

[Event "Tournoi n27459"]
[Site "www.echecsemail.com"]
[Date "2026.02.11"]
[Round "1"]
[White "Tiounet"]
[Black "Mokanne"]
[WhiteElo "1630"]
[BlackElo "1430"]
[Result "0-1"]
1.a3 e5
2.b4 c5
3.bxc5 Nb8c6
4.Bc1b2 Bf8xc5
5.Ng1f3 d6
6.e3 Bc8g4
7.Bf1e2 Bg4d7
8.O-O f6
9.d4 Bc5b6
10.dxe5 dxe5
11.Nb1c3 Ng8e7
12.Nc3b5 O-O
13.Nb5d6 Ra8b8
14.Rf1e1 Bb6c7
15.Be2c4 Kh8
16.Nd6f7 Rf8xf7
17.Bc4xf7 Bd7g4
18.Qd1d3 Qd8f8
19.Bf7c4 Rb8d8
20.Qd3e4 f5
{ abandon }0-1

[Event "Défi"]
[Site "www.echecsemail.com"]
[Date "2026.02.11"]
[Round "1"]
[White "Alain34"]
[Black "Arno"]
[WhiteElo "2090"]
[BlackElo "1770"]
[Result "1-0"]
1.e4 Nb8c6
2.d4 e5
3.d5 Nc6e7
4.f4 exf4
5.Bc1xf4 Ne7g6
6.Bf4g3 Bf8c5
7.Ng1f3 d6
8.Nb1c3 Ng8e7
9.Nc3a4 Bc5b6
10.Na4xb6 axb6
11.Bf1e2 O-O
12.O-O f5
13.exf5 Ne7xf5
14.Bg3f2 Qd8f6
15.c3 Ng6e5
16.Nf3d4 Nf5xd4
17.Bf2xd4 Qf6e7
18.Qd1c2 Qe7g5
19.Rf1xf8 Kxf8
20.Ra1f1 Kg8
21.b3 Bc8h3
22.Be2f3 Ne5xf3
23.Rf1xf3 Bh3d7
24.Rf3g3 Bd7f5
25.Qc2d1 { abandon }1-0

[Event "Défi( 10J+24H/c 10J Max )"]
[Site "www.echecsemail.com"]
[Date "2026.02.11"]
[Round "1"]
[White "Luc20"]
[Black "Vb83"]
[WhiteElo "1830"]
[BlackElo "1480"]
[Result "1-0"]
1.d4 d5
2.Ng1f3 e6
3.Bc1f4 Ng8f6
4.e3 Nb8c6
5.Bf1d3 Nf6e4
6.Nb1d2 Ne4xd2
7.Qd1xd2 h6
8.O-O Bf8d6
9.Nf3e5 Nc6xe5
10.Bf4xe5 Bd6xe5
11.dxe5 O-O
12.f4 c5
13.Rf1d1 c4
14.Bd3e2 b5
15.c3 a5
16.Be2f3 f6
17.Qd2d4 f5
18.b3 Bc8a6
19.Qd4c5 Ra8c8
20.Qc5a7 Rc8a8
21.Qa7c5 Ra8c8
22.Qc5d4 g5
23.g3 g4
24.Bf3g2 h5
25.bxc4 bxc4
26.Rd1b1 h4
27.Qd4b6 Qd8xb6
28.Rb1xb6 Rc8a8
29.Rb6xe6 hxg3
30.Bg2xd5 gxh2
31.Kxh2 Ra8d8
32.Re6f6 Kg7
33.Rf6xf8 Rd8xf8
34.Ra1b1 Rf8d8
35.Bd5b7 Ba6xb7
36.Rb1xb7 Kf8
37.e6 Rd8e8
38.Rb7f7 Kg8
39.Rf7xf5 Re8xe6
40.Rf5e5 Re6xe5
41.fxe5 Kf7
42.Kg3 Ke6
43.Kxg4 Kxe5
44.Kf3 a4
45.a3 Kd5
46.Kf4 { abandon }1-0

[Event "Défi( 10J+24H/c 10J Max )"]
[Site "www.echecsemail.com"]
[Date "2026.02.11"]
[Round "1"]
[White "Pourquoipas"]
[Black "Goedendag"]
[WhiteElo "1640"]
[BlackElo "1830"]
[Result "0-1"]
1.f4 Nb8c6
2.Ng1f3 g6
3.e3 Bf8g7
4.Bf1e2 d6
5.Nb1c3 e5
6.Be2c4 Ng8f6
7.b3 exf4
8.e4 O-O
9.O-O Bc8g4
10.d3 Nc6d4
11.Bc1xf4 Bg4xf3
12.Rf1xf3 Nd4xf3
13.Qd1xf3 Nf6d7
14.Bf4d2 Nd7e5
15.Qf3g3 c6
16.Ra1f1 b5
17.d4 Ne5xc4
18.bxc4 Bg7xd4
19.Kh1 bxc4
20.Nc3e2 Bd4e5
21.Qg3g4 Qd8c8
22.Qg4h4 Rf8e8
23.Rf1f3 Qc8d7
24.Rf3h3 f6
25.Bd2h6 Ra8b8
26.Qh4e1 f5
27.Qe1h4 Rb8b1
28.Ne2g1 Be5d4
29.Bh6e3 Re8xe4
30.Qh4h6 f4
31.Be3xd4 Re4xd4
32.Rh3f3 Rd4d1
{ abandon }0-1

[Event "Défi"]
[Site "www.echecsemail.com"]
[Date "2026.02.11"]
[Round "1"]
[White "Vvvv"]
[Black "Petitlulu64"]
[WhiteElo "1730"]
[BlackElo "1710"]
[Result "0-1"]
1.d4 d5
2.Bc1f4 c6
3.Nb1c3 e6
4.e3 Nb8d7
5.Ng1f3 Ng8f6
6.Bf1d3 Bf8b4
7.O-O b5
8.Nc3e2 a5
9.a3 Bb4e7
10.c3 Nf6h5
11.Bf4e5 f6
12.Be5g3 O-O
13.Bg3h4 f5
14.Bh4xe7 Qd8xe7
15.Ne2g3 Nh5xg3
16.hxg3 Qe7f7
17.Nf3g5 Qf7g6
18.f4 h6
19.Ng5f3 a4
20.Qd1e1 Qg6h5
21.Kf2 Nd7f6
22.Ke2 Nf6g4
23.Rf1h1 Qh5e8
24.Rh1h3 Rf8f6
25.Qe1d2 Bc8a6
26.Kd1 Qe8e7
27.Nf3e5 Ng4xe5
28.fxe5 c5
29.exf6 Qe7xf6
30.dxc5 Ra8d8
31.Kc2 e5
32.Ra1h1 e4
33.Bd3f1 Rd8c8
34.Qd2e2 Rc8xc5
35.Qe2h5 Rc5c6
36.Qh5e8 Kh7
37.Rh3xh6 gxh6
38.Bf1e2 Rc6e6
39.Qe8h5 Qf6g6
40.Rh1h3 Qg6xh5
41.Rh3xh5 Re6f6
42.b4 Kg6
43.Kd1 Rf6c6
44.Kd2 Rc6b6
45.g4 fxg4
46.Rh5xd5 Ba6b7
47.Rd5xb5 Rb6d6
48.Ke1 Bb7c8
49.c4 g3
50.Rb5d5 Rd6f6
51.Rd5d8 Bc8e6
52.c5 Rf6f2
53.Rd8d6 Kf5
54.b5 Rf2xg2
55.Be2g4 Kxg4
56.Rd6xe6 Rg2a2
57.Re6xe4 Kf3
58.Re4xa4 g2
59.Ra4f4 Kxe3
{ abandon }0-1

[Event "Eq:les modestes-Vikings :"]
[Site "www.echecsemail.com"]
[Date "2026.02.11"]
[Round "1"]
[White "Nick"]
[Black "Viv59"]
[WhiteElo "2830"]
[BlackElo "2320"]
[Result "1-0"]
1.d4 Ng8f6
2.c4 c5
3.d5 b5
4.cxb5 a6
5.bxa6 Bc8xa6
6.Nb1c3 d6
7.e4 Ba6xf1
8.Kxf1 g6
9.g3 Bf8g7
10.Ng1f3 O-O
11.Kg2 Nb8d7
12.a4 Qd8b6
13.Ra1a3 Rf8b8
14.Qd1c2 Nf6g4
15.Nf3d2 Bg7d4
16.Nc3b5 Bd4g7
17.h3 Ng4f6
18.Nd2c4 Qb6b7
19.Bc1d2 Ra8a6
20.Nc4a5 Qb7b6
21.Na5c6 Rb8e8
22.Ra3b3 c4
23.Rb3b4 Nd7e5
24.Nc6xe5 dxe5
25.Rb4xc4 Re8b8
26.Nb5c7 { abandon }1-0

[Event "Eq:Les Rois du Succes-modesty :"]
[Site "www.echecsemail.com"]
[Date "2026.02.11"]
[Round "1"]
[White "Rons"]
[Black "Zax"]
[WhiteElo "2570"]
[BlackElo "2270"]
[Result "1-0"]
1.e4 d5
2.exd5 Qd8xd5
3.Nb1c3 Qd5d6
4.d4 Ng8f6
5.Ng1f3 Bc8g4
6.h3 Bg4h5
7.g4 Bh5g6
8.Bf1g2 c6
9.O-O e6
10.Rf1e1 Bf8e7
11.g5 Nf6d5
12.Nf3h4 Nb8d7
13.Nh4xg6 hxg6
14.Nc3e2 Nd5b6
15.Bc1f4 Qd6b4
16.Qd1c1 Nb6d5
17.Bf4d2 Qb4b6
18.c4 Nd5b4
19.Qc1c3 O-O
20.c5 { abandon }1-0

[Event "Tournoi n27423"]
[Site "www.echecsemail.com"]
[Date "2026.02.11"]
[Round "1"]
[White "Tartu"]
[Black "Nicadria22"]
[WhiteElo "1730"]
[BlackElo "1900"]
[Result "1-0"]
1.d4 Ng8f6
2.Bc1g5 e6
3.c4 h6
4.Bg5h4 Bf8e7
5.Nb1c3 b6
6.Ng1f3 Bc8b7
7.e3 Nf6e4
8.Bh4xe7 Qd8xe7
9.Nc3xe4 Bb7xe4
10.Nf3d2 Be4b7
11.Nd2f3 a5
12.Bf1e2 d6
13.O-O Nb8d7
14.a3 c5
15.Rf1e1 Nd7f6
16.Be2d3 O-O
17.Ra1b1 Nf6e4
18.dxc5 dxc5
19.Qd1c2 f5
20.Nf3d2 Ne4xd2
21.Qc2xd2 Qe7g5
22.f4 Qg5g4
23.Bd3f1 Rf8d8
24.Qd2f2 Rd8d6
25.h3 Qg4g6
26.Rb1d1 Ra8d8
27.Rd1xd6 Rd8xd6
28.Qf2e2 Qg6f6
29.g3 Bb7e4
30.Re1d1 Rd6xd1
31.Qe2xd1 Qf6xb2
32.a4 Qb2b3
33.Qd1xb3 Kh7
34.Qb3xb6 { abandon }1-0

[Event "Olivier"]
[Site "www.echecsemail.com"]
[Date "2026.02.11"]
[Round "1"]
[White "Tahar"]
[Black "Emmanuel"]
[WhiteElo "2010"]
[BlackElo "1970"]
[Result "0-1"]
1.e4 d5
2.exd5 Ng8f6
3.d4 Bc8g4
4.Bf1e2 Bg4xe2
5.Qd1xe2 Qd8xd5
6.Ng1f3 e6
7.Nb1c3 Bf8b4
8.Bc1d2 Qd5f5
9.Qe2b5 Qf5xb5
10.Nc3xb5 Bb4xd2
11.Nf3xd2 Nb8a6
12.O-O-O O-O
13.c3 Rf8d8
14.h3 c6
15.Nb5a3 b5
16.Na3c2 c5
17.Nd2f3 c4
18.Rh1e1 Nf6d5
19.g3 b4
20.cxb4 Na6xb4
21.Nc2xb4 Nd5xb4
22.Kb1 Ra8b8
23.Nf3e5 Rd8c8
24.Rd1c1 c3
25.b3 a5
26.Re1e3 c2
27.Kb2 a4
28.Ne5d3 Nb4d5
29.Re3e2 axb3
30.axb3 Nd5b6
31.Rc1xc2 Nb6c4
32.Kc1 Rb8xb3
33.Nd3c5 Rb3b4
34.Nc5d3 Rb4a4
35.Kd1 Ra4a1
36.Rc2c1 Ra1xc1
37.Nd3xc1 Nc4a3
38.Re2a2 Na3b5
39.Nc1e2 f6
40.Kd2 Nb5d6
41.Kd3 Nd6f5
42.f4 Nf5e7
43.Ne2c3 Rc8b8
44.h4 Ne7f5
45.Ra2g2 Kf7
46.h5 Rb8b4
47.Nc3e2 Rb4b2
48.Rg2g1 Rb2b3
49.Kc2 Rb3a3
50.g4 Nf5d6
51.Rg1g3 Ra3a2
52.Kd3 f5
53.g5 Nd6e4
54.Rg3e3 Ra2a3
{ abandon }0-1

[Event "Coupe Niveau 4"]
[Site "www.echecsemail.com"]
[Date "2026.02.11"]
[Round "1"]
[White "Senegaulois"]
[Black "Alain64"]
[WhiteElo "1860"]
[BlackElo "2070"]
[Result "1-0"]
1.e4 c5
2.Nb1c3 Nb8c6
3.Ng1f3 e5
4.Bf1b5 d6
5.O-O f5
6.d3 Ng8f6
7.Rf1e1 Bf8e7
8.exf5 Bc8xf5
9.a3 a6
10.Bb5c4 Bf5g4
11.h3 Bg4xf3
12.Qd1xf3 Nc6d4
13.Qf3d1 b5
14.Bc4a2 Qd8c7
15.Bc1g5 O-O-O
16.Bg5e3 h6
17.Nc3b1 g5
18.c3 Nd4c6
19.Ba2e6 Kb8
20.b4 Nf6e8
21.a4 Ne8g7
22.Be6d5 Be7f6
23.axb5 axb5
24.Qd1b3 Nc6a7
25.c4 Ng7f5
26.bxc5 Nf5xe3
27.Qb3xb5 Kc8
28.Bd5e6 Rd8d7
29.Qb5xd7 Qc7xd7
30.Be6xd7 Kxd7
31.Ra1xa7 Kc6
32.fxe3 Kxc5
33.Nb1d2 Kb6
34.Re1a1 Rh8f8
35.Nd2e4 Bf6d8
36.Ra1a6 1-0

[Event "OAHU 2"]
[Site "www.echecsemail.com"]
[Date "2026.02.11"]
[Round "1"]
[White "Brettsinclair"]
[Black "4x4"]
[WhiteElo "1910"]
[BlackElo "1520"]
[Result "1-0"]
1.e4 e5
2.Ng1f3 d6
3.d4 Bc8g4
4.dxe5 dxe5
5.Qd1xd8 Kxd8
6.Nf3xe5 Bg4e6
7.Nb1c3 Bf8d6
8.Ne5c4 Bd6b4
9.Bc1d2 Ng8f6
10.f3 Ke7
11.a3 Bb4xc3
12.Bd2xc3 Nb8c6
13.Bf1e2 Ra8d8
14.O-O Rd8d7
15.Nc4e3 Rh8g8
16.b4 b6
17.Be2b5 Rg8d8
18.Bb5xc6 Rd7d6
19.Bc6b5 Kf8
20.Bc3xf6 gxf6
21.f4 f5
22.exf5 Be6d7
23.Bb5d3 Bd7c6
24.Ne3g4 Rd8e8
25.Ng4e5 a6
26.Ne5xc6 Rd6xc6
27.f6 Rc6xf6
28.Bd3xh7 Kg7
29.Bh7d3 b5
30.Rf1f3 Re8h8
31.Ra1e1 Rh8c8
32.Rf3g3 Kh8
33.Rg3h3 Kg7
34.f5 Rc8g8
35.Re1e7 Kf8
36.Re7xc7 Kg7
37.c4 Rg8e8
38.Kf2 Re8d8
39.cxb5 axb5
40.Rc7b7 Rd8d4
41.Rb7xb5 Rf6d6
42.Ke2 Rd4d5
43.Rb5xd5 Rd6xd5
44.g4 Kf6
45.b5 Rd5e5
46.Kf2 Kg5
47.Rh3e3 f6
48.Re3xe5 fxe5
49.b6 Kxg4
50.b7 Kf4
51.b8Q Kg4
52.Qb8g8 Kf4
53.Qg8g3 1-0

[Event "Tournoi n27437"]
[Site "www.echecsemail.com"]
[Date "2026.02.11"]
[Round "1"]
[White "Carrighir"]
[Black "Nemesis"]
[WhiteElo "2100"]
[BlackElo "2240"]
[Result "0-1"]
1.e4 c5
2.d4 cxd4
3.c3 dxc3
4.Nb1xc3 Nb8c6
5.Ng1f3 d6
6.Bf1c4 a6
7.O-O Ng8f6
8.Qd1e2 Bc8g4
9.Rf1d1 e6
10.Bc1f4 Qd8b8
11.h3 Bf8e7
12.hxg4 Nf6xg4
13.Nf3d4 Ng4e5
14.Bf4xe5 Nc6xe5
15.Bc4b3 O-O
16.f4 Ne5c6
17.Ra1c1 Nc6xd4
18.Rd1xd4 Qb8a7
19.Qe2f2 Be7h4
20.Qf2xh4 Qa7xd4
21.Kh2 Qd4d2
22.Rc1c2 Qd2d4
23.Qh4e1 d5
24.Rc2d2 Qd4b4
25.Qe1e3 dxe4
26.Rd2d4 Qb4b6
27.Qe3xe4 Ra8d8
28.Rd4b4 Qb6f2
29.Bb3c2 Qf2h4
30.Kg1 Rd8d2
31.Rb4xb7 Qh4f2
{ abandon }0-1

[Event "Défi( 10J+24H/c 10J Max )"]
[Site "www.echecsemail.com"]
[Date "2026.02.11"]
[Round "1"]
[White "Titit1"]
[Black "Chessgaston"]
[WhiteElo "1460"]
[BlackElo "2160"]
[Result "0-1"]
1.Ng1f3 d5
2.e4 dxe4
3.Nf3g5 Ng8f6
4.d3 exd3
5.Bf1xd3 h6
6.Ng5xf7 Qd8d5
7.Nf7xh8 Bc8f5
8.f3 Nb8d7
9.Bc1e3 e6
10.Qd1e2 Bf8b4
11.Nb1d2 O-O-O
12.Nh8f7 Rd8f8
13.Nf7xh6 gxh6
14.O-O Kb8
15.Nd2b3 Bf5xd3
16.cxd3 Nd7e5
17.Rf1d1 Rf8g8
18.Ra1c1 Ne5xf3
19.Kh1 Nf3h4
20.Rd1g1 Nf6g4
21.Rg1f1 Ng4xe3
22.Rf1f2 Ne3xg2
23.Qe2d1 Ng2e3
24.Qd1f3 Nh4xf3
25.Nb3d2 Nf3xd2
26.Rf2g2 Qd5xg2
0-1

[Event "Défi"]
[Site "www.echecsemail.com"]
[Date "2026.02.11"]
[Round "1"]
[White "Jlr"]
[Black "Castor"]
[WhiteElo "1410"]
[BlackElo "1350"]
[Result "0-1"]
1.e4 c6
2.Nb1c3 d5
3.exd5 Ng8f6
4.dxc6 Nb8xc6
5.Bf1b5 Bc8d7
6.a4 a6
7.Bb5d3 e6
8.Ng1f3 Bf8c5
9.Bd3c4 O-O
10.Bc4d3 Nc6b4
11.Bd3c4 Rf8e8
12.d4 Bc5a7
13.b3 Qd8e7
14.Nf3e5 Bd7c8
15.Nc3e2 Re8d8
16.c3 Nb4c6
17.Bc1a3 Qe7e8
18.Ne5xc6 bxc6
19.Ne2f4 e5
20.Nf4d3 e4
21.Nd3e5 c5
22.d5 Qe8xe5
23.Ra1c1 Bc8g4
24.Qd1xg4 Nf6xg4
25.g3 e3
26.f4 Qe5e4
27.Rh1g1 Ng4xh2
28.Ke2 Qe4f3
29.Kd3 Rd8e8
30.Rg1e1 Qf3e4
31.Ke2 Qe4f3
32.Kd3 Qf3e4
33.Ke2 Qe4f3
34.Kd3 Qf3xg3
35.Kc2 Nh2f3
36.Re1e2 Nf3g1
37.Re2e1 Ng1f3
38.Re1f1 Ba7b8
39.Ba3xc5 e2
40.Bc5f2 Qg3g2
41.Bc4xe2 Re8xe2
42.Kb1 Nf3d2
43.Ka1 Nd2xf1
44.Kb1 Bb8xf4
45.Bf2d4 Bf4xc1
46.Kxc1 Re2e1
0-1

[Event "Défi( 10J+24H/c 10J Max )"]
[Site "www.echecsemail.com"]
[Date "2026.02.11"]
[Round "1"]
[White "Tunnellavage"]
[Black "Tartu"]
[WhiteElo "1720"]
[BlackElo "1720"]
[Result "0-1"]
1.e4 c5
2.Ng1f3 Nb8c6
3.Bf1c4 d6
4.Nb1c3 e6
5.a3 Bf8e7
6.h3 Bc8d7
7.d3 Ng8f6
8.Bc1f4 O-O
9.O-O h6
10.Nc3e2 a6
11.c3 b5
12.Bc4a2 e5
13.Bf4e3 Rf8e8
14.Ne2g3 a5
15.Nf3h2 b4
16.axb4 axb4
17.Qd1b3 Re8f8
18.Qb3d1 bxc3
19.bxc3 Qd8c8
20.Qd1e2 Rf8e8
21.f4 exf4
22.Be3xf4 Be7f8
23.Bf4xh6 gxh6
24.Rf1xf6 Bd7e6
25.Rf6f1 Ra8xa2
26.Ra1xa2 Be6xa2
27.Ng3f5 Ba2e6
28.Qe2g4 Kh7
29.Nh2f3 Be6xf5
30.exf5 Bf8e7
31.Rf1e1 Be7f6
{ abandon }0-1

[Event "Tournoi n27455"]
[Site "www.echecsemail.com"]
[Date "2026.02.11"]
[Round "1"]
[White "Mokanne"]
[Black "Raymar"]
[WhiteElo "1410"]
[BlackElo "1530"]
[Result "0-1"]
1.e4 e5
2.Bf1c4 Ng8f6
3.d3 Bf8b4
4.Bc1d2 Nb8c6
5.Ng1f3 d5
6.exd5 Nf6xd5
7.Nf3g5 Bc8e6
8.Ng5xe6 fxe6
9.Bd2xb4 Nc6xb4
10.a3 Nb4c6
11.Bc4b5 Nd5e7
12.O-O O-O
13.Bb5xc6 Ne7xc6
14.c3 Qd8f6
15.Nb1d2 Ra8d8
16.Nd2e4 Qf6e7
17.Qd1e2 Nc6a5
18.Ne4d2 Rd8d5
19.Nd2c4 Na5b3
20.Ra1a2 Rf8d8
21.Rf1d1 Qe7g5
22.Qe2c2 Nb3c5
23.d4 exd4
24.cxd4 Qg5h5
25.Qc2c3 Qh5xd1
{ abandon }0-1

[Event "BERNARD MAS"]
[Site "www.echecsemail.com"]
[Date "2026.02.11"]
[Round "1"]
[White "Petitlulu64"]
[Black "4x4"]
[WhiteElo "1710"]
[BlackElo "1490"]
[Result "1-0"]
1.d4 d5
2.Ng1f3 e6
3.Nb1c3 Bf8b4
4.Bc1d2 Nb8c6
5.e3 Ng8f6
6.Bf1d3 Bc8d7
7.O-O Qd8e7
8.a3 Bb4xc3
9.Bd2xc3 O-O-O
10.Nf3e5 Nc6xe5
11.dxe5 Nf6e4
12.Bd3xe4 dxe4
13.Qd1g4 Bd7c6
14.Qg4xg7 Rh8g8
15.Qg7f6 Qe7xf6
16.exf6 Bc6d5
17.Bc3d4 b6
18.b3 c5
19.Bd4e5 Bd5c6
20.a4 Rd8d5
21.Be5b2 Rg8g6
22.Ra1d1 e5
23.Rd1xd5 Bc6xd5
24.Bb2xe5 Kd7
25.c4 Ke6
26.cxd5 Kxd5
27.Be5c3 a6
28.Rf1d1 Kc6
29.Bc3e5 b5
30.Rd1d6 Kb7
31.Rd6d7 Kc6
32.Rd7xf7 h6
33.Rf7g7 b4
34.Rg7xg6 Kd5
35.f7 Kxe5
36.f8Q Kd5
37.Qf8d6 1-0

[Event "Défi"]
[Site "www.echecsemail.com"]
[Date "2026.02.11"]
[Round "1"]
[White "Dan84"]
[Black "Jeanre"]
[WhiteElo "1620"]
[BlackElo "1660"]
[Result "0-1"]
1.e4 e5
2.d4 exd4
3.Qd1xd4 Nb8c6
4.Qd4d2 Ng8f6
5.Bf1d3 Bf8c5
6.c3 d5
7.exd5 Qd8e7
8.Ng1e2 Nf6xd5
9.O-O O-O
10.Rf1e1 Bc8e6
11.b4 Bc5d6
12.g3 Nc6e5
13.Bd3c2 Ne5f3
14.Kg2 Nf3xd2
15.Bc1xd2 b5
16.Ne2d4 Qe7d7
17.Nd4xe6 fxe6
18.Bc2d3 Qd7c6
19.Re1xe6 Nd5f4
20.Kf1 Qc6g2
21.Ke1 Nf4xe6
22.Bd2e3 Qg2g1
23.Bd3f1 Qg1xh2
24.Nb1d2 Qh2h5
25.Bf1e2 Qh5e8
26.Nd2e4 a6
27.Ne4xd6 cxd6
28.c4 Ra8c8
29.cxb5 axb5
30.a4 Qe8c6
31.Be3d2 Ne6d4
32.Be2d3 Rf8e8
33.Kd1 Qc6h1
34.Bd2e1 Qh1xe1
0-1

[Event "Défi"]
[Site "www.echecsemail.com"]
[Date "2026.02.11"]
[Round "1"]
[White "Arno"]
[Black "Kaspy"]
[WhiteElo "1800"]
[BlackElo "1840"]
[Result "1/2-1/2"]
1.d4 d5
2.Bc1f4 Ng8f6
3.Ng1f3 Nb8c6
4.c3 h6
5.e3 a6
6.Bf1d3 e6
7.Nb1d2 Bf8d6
8.Bf4g3 O-O
9.Nf3e5 Nc6e7
10.Ra1c1 Ne7f5
11.Bd3b1 Nf5xg3
12.hxg3 c6
13.Qd1c2 Rf8e8
14.f4 Kf8
15.Nd2f3 Ke7
16.g4 Re8h8
17.O-O Bd6xe5
18.Nf3xe5 Nf6e4
19.Qc2d1 Qd8e8
20.Bb1xe4 dxe4
21.Qd1c2 f5
22.Qc2f2 g5
23.fxg5 hxg5
24.gxf5 exf5
25.Qf2g3 Qe8h5
26.Ne5c4 Bc8e6
27.Qg3c7 Kf6
28.Qc7e5 Ke7
29.Rf1xf5 Qh5h1
30.Kf2 Qh1xc1
31.Qe5d6 Ke8
32.Qd6xe6 Kd8
33.Qe6f6 Kd7
34.Qf6f7 Kc8
35.Nc4d6 Kd8
36.Nd6xb7 Kc8
37.Nb7d6 Kd8
38.Qf7f6 Kd7
39.Qf6g7 Kxd6
40.Qg7g6 Kc7
41.Qg6f7 Kb6
42.Qf7b3 Kc7
43.Rf5f7 Kd6
44.Rf7f6 Kc7
45.Rf6f7 Kd6
46.Qb3b4 Ke6
47.Qb4e7 Kd5
48.Qe7c5 Ke6
49.Qc5e7 Kd5
50.Qe7c5 Ke6
51.Qc5e7 Kd5
52.Qe7c5 1/2-1/2

[Event "Transval 2"]
[Site "www.echecsemail.com"]
[Date "2026.02.11"]
[Round "1"]
[White "Fouvolant"]
[Black "Janolapin"]
[WhiteElo "1370"]
[BlackElo "1690"]
[Result "0-1"]
1.e4 e5
2.Ng1f3 d6
3.d4 exd4
4.Nf3xd4 Ng8f6
5.Nb1c3 Bc8d7
6.Bf1e2 Bf8e7
7.Bc1e3 Nb8c6
8.O-O O-O
9.f4 a6
10.Qd1d2 Nc6xd4
11.Qd2xd4 Bd7g4
12.Be2d3 Bg4e6
13.f5 Be6d7
14.Bd3e2 Rf8e8
15.Ra1d1 c5
16.Qd4d2 Bd7c6
17.Be2f3 Qd8c7
18.b3 b5
19.Qd2e2 Ra8d8
20.g4 Be7f8
21.Qe2g2 h6
22.g5 hxg5
23.Be3xg5 Bf8e7
24.Bg5h6 Be7f8
25.Bf3e2 Nf6xe4
{ abandon }0-1

[Event "Défi( 10J+24H/c 10J Max )"]
[Site "www.echecsemail.com"]
[Date "2026.02.11"]
[Round "1"]
[White "Nick"]
[Black "Bowandarrow"]
[WhiteElo "2830"]
[BlackElo "2720"]
[Result "1/2-1/2"]
1.e4 c5
2.Ng1f3 e6
3.d4 cxd4
4.Nf3xd4 Ng8f6
5.Nb1c3 d6
6.f4 Bf8e7
7.Bf1d3 Nb8c6
8.Nd4b3 a5
9.O-O a4
10.Nb3d2 d5
11.a3 O-O
12.Kh1 h6
13.e5 Nf6d7
14.Nd2f3 f6
15.Qd1e1 Nd7c5
16.Bd3b5 Bc8d7
17.Bc1e3 fxe5
18.fxe5 Qd8e8
19.Ra1c1 Nc6xe5
20.Be3xc5 Be7xc5
21.Qe1xe5 Bd7xb5
22.Nc3xb5 Qe8xb5
23.Qe5xe6 Kh8
24.Qe6xd5 Ra8d8
25.Qd5h5 b6
26.Rf1e1 Qb5xb2
27.Nf3e5 Kg8
28.Qh5g4 Bc5f2
{ nul }1/2-1/2

[Event "Eq:Les enfants de l Atlantide-Pirates du Mat :"]
[Site "www.echecsemail.com"]
[Date "2026.02.11"]
[Round "1"]
[White "Capitaine"]
[Black "Sp52"]
[WhiteElo "2390"]
[BlackElo "2450"]
[Result "0-1"]
1.e4 e5
2.Ng1f3 Nb8c6
3.d4 exd4
4.Nf3xd4 Bf8c5
5.Bc1e3 Qd8f6
6.c3 Ng8e7
7.g3 d5
8.Bf1g2 dxe4
9.Nb1d2 Bc5xd4
10.Nd2xe4 Qf6g6
11.cxd4 O-O
12.O-O Bc8f5
13.Ne4c3 Ra8d8
14.Qd1a4 Bf5c2
15.Qa4b5 Bc2d3
16.Qb5xb7 Bd3xf1
17.Ra1xf1 Nc6xd4
18.Qb7xa7 Qg6b6
19.Qa7xb6 cxb6
20.a4 Ne7f5
21.Nc3d5 Rd8b8
22.Rf1d1 Nf5xe3
23.fxe3 Nd4b3
24.Rd1d3 Nb3c5
25.Rd3a3 Rf8e8
26.b4 Nc5e4
27.Nd5c7 Re8e7
28.Nc7d5 Re7e5
29.Bg2xe4 Re5xe4
30.a5 bxa5
31.bxa5 Re4e5
32.Ra3d3 h5
33.a6 Rb8b1
34.Kg2 Rb1a1
35.Nd5c7 Re5c5
36.Rd3d7 Rc5c2
37.Kh3 Ra1a2
38.Kh4 Ra2a4
39.Kh3 g5
40.Nc7d5 Ra4a2
41.Nd5f6 Kf8
42.Nf6xh5 f5
43.g4 Rc2xh2
44.Kg3 Rh2g2
{ abandon }0-1

[Event "Tournoi n27456"]
[Site "www.echecsemail.com"]
[Date "2026.02.11"]
[Round "1"]
[White "Jlr"]
[Black "Fouvolant"]
[WhiteElo "1430"]
[BlackElo "1520"]
[Result "0-1"]
1.e4 c5
2.Bf1c4 e6
3.d3 Nb8c6
4.Nb1c3 Ng8f6
5.Bc1f4 a6
6.e5 d5
7.Bc4b3 Nf6d7
8.Nc3a4 Nc6xe5
9.d4 Ne5g6
10.dxc5 Ng6xf4
11.Qd1d4 Nf4g6
12.O-O-O Qd8g5
13.f4 Qg5xg2
14.Ng1h3 Qg2xh3
15.c6 bxc6
16.Na4c5 Nd7xc5
17.Bb3c4 Nc5d7
18.Bc4f1 Qh3f5
19.Bf1d3 Qf5xf4
20.Qd4xf4 Ng6xf4
21.Bd3f1 Bf8d6
22.Rd1d4 O-O
23.Rh1g1 Nf4g6
24.Bf1d3 Nd7e5
25.Bd3xg6 Ne5xg6
26.b3 Bd6c5
27.Rd4g4 Bc5xg1
28.Rg4xg1 e5
29.Kb2 Bc8e6
30.a4 Rf8b8
31.Ka3 a5
32.Rg1g3 d4
33.Rg3d3 c5
34.c4 Ng6f4
35.Rd3g3 Rb8b4
36.h4 Nf4e2
37.Rg3g5 Ne2c3
38.Rg5xe5 Ra8b8
39.Re5xc5 Rb4xb3
0-1